| 000 | 00443nam a22001817a 4500 | ||
|---|---|---|---|
| 005 | 20230927154944.0 | ||
| 008 | 230926b |||||||| |||| 00| 0 eng d | ||
| 082 |
_a658.827 _bKEL-S |
||
| 100 | _aKeller,Kevin Lane | ||
| 245 | _aStrategic Brand Management | ||
| 250 | _a3rd.ed | ||
| 260 |
_aIndia _bStudent Book Company |
||
| 300 | _a695 | ||
| 500 | _aInclude Index | ||
| 650 | _aManagement | ||
| 700 | _aKevin Lane Keller | ||
| 999 |
_c33722 _d33722 |
||